Contar el trabajo no asalariado de las mujeres: ha llegado la hora de hacerlo /
محفوظ في:
| المؤلف الرئيسي: | |
|---|---|
| التنسيق: | نص |
| الموضوعات: | |
| الوسوم: |
إضافة وسم
لا توجد وسوم, كن أول من يضع وسما على هذه التسجيلة!
|
MARC
| LEADER | 00000 a a2200000 04500 | ||
|---|---|---|---|
| 001 | 1162 | ||
| 003 | |||
| 040 | |||
| 100 | |a James, Selma | ||
| 245 | |a Contar el trabajo no asalariado de las mujeres: |b ha llegado la hora de hacerlo / |c Selma James | ||
| 650 | |a MUJERES | ||
| 650 | |a TRABAJO DOMESTICO | ||
| 773 | |g número 9; páginas 97-109 | ||
| 999 | |c 25279 |d 25279 | ||
